Serafínsky plameň

Bibliographic Details
Other Authors: Čech, Zdirad J. K., 1949- (Illustrator)
Format: Book
Language:Slovak
PhysicalDescription:402 s. 17 cm
Published: Bratislava Serafín 1994
ISBN:808531021X (viaz.)
Edition:1. vyd.
Subjects:

MARC

LEADER 00000nam a2200000 a 4500
001 vtls008215934
003 SK-MaSNL
005 20260302074103.0
008 050808s1994 xo 000 0 slo
020 |a 808531021X (viaz.) 
035 |a SVKPOKN027413 
040 |a SNK  |b slo  |c SNK  |e AACR2 
041 0 |a slo  |h slo 
044 |a xo  |c SK 
072 7 |a 27-5  |x Kresťanské umenie a symbolika. Duchovný život  |2 konspekt 
080 |a 27-534.35  |2 2001 
245 0 0 |a Serafínsky plameň  |c [zostavil kolektív ; ilustrácie Zdirad Čech] 
250 |a 1. vyd. 
260 |a Bratislava  |b Serafín  |c 1994  |e Žilina  |f Žilinské tlačiarne 
300 |a 402 s.  |c 17 cm 
650 0 7 |a kresťanské modlitby  |2 SNKPH  |9 2006 
655 7 |a direktóriá  |2 SNKPH  |9 60837 
700 1 |a Čech, Zdirad J. K.,  |d 1949-  |4 ill  |9 120092 
852 |a Akadémia umení v Banskej Bystrici 
919 |a 80-85310-21-X 
958 |a SV 
999 |c 1163650  |d 1165580 
952 |t P60, <04>, [BOOK], {604}  |a SNK  |b SNK  |y VYP  |7 0  |p 17A0163314  |o snkSD 66899 D1  |0 0  |1 0  |4 0  |d 1998-09-25  |l 0  |r 2004-12-31 00:00:00  |w 2026-02-24 
952 |a SNK  |b SNK  |y PREZ  |7 0  |p 17A1051507  |o snkSD 66899   |0 0  |1 0  |4 0  |d 2013-07-16  |l 0  |r 2026-02-24 20:40:54  |w 2026-02-24